000 01450cam a2200373 a 4500
001 147233
003 OSt
005 20151029122254.0
008 981102s2002 nyu 001 0 eng
010 _a 98074381
020 _a9781586633882
040 _aDLC
_cDLC
_dDLC
050 0 0 _aPR 6019
_b.J89 2002
082 0 0 _aIB 823.912
_bJ85p 2002
100 1 _aJoyce, James
245 1 0 _aA portrait of the artist as a young man
_cby James Joyce written by Lona McGregor, with Tony Buzan.
250 _a1st ed.
260 _aUnited State of america :
_bSpark Publishing,
_cc2002.
300 _a85 p. :
_bill. ;
_c20 cm.
440 0 _aBarron's literature made easy
500 _aIncludes index.
521 _blexile
562 _efor circulation. 3 copies available in the collection
600 1 0 _aJoyce, James,
_d1882-1941.
_tPortrait of the artist as a young man
_xExaminations
_vStudy guides.
600 1 0 _aJoyce, James,
_d1882-1941.
_tPortrait of the artist as a young man
_vProblems, exercises, etc.
700 1 _aBuzan, Tony.
856 4 2 _3Publisher description
_uhttp://www.loc.gov/catdir/enhancements/fy0630/98074381-d.html
906 _a7
_bcbc
_corignew
_d3
_eopcn
_f19
_gy-gencatlg
942 _2lcc
_cBK
999 _c2320
_d2320